Informe anual 2012 (Registro nro. 20804)

Detalles MARC
000 -CABECERA
Campo de control 01563nam a22003137a 4500
005 - FECHA Y HORA DE LA ULTIMA TRANSACCION
Campo de control 20200203113543.0
008 - ELEMENTOS DE LONGITUD FIJA—INFORMACION GENERAL
Campo de control 200203b xxu||||| |||| 00| 0 spa d
040 ## - FUENTE DE CATALOGACIÓN
Agencia catalogadora original CO-BoIAVH
Agencia transcriptora CO-BoIAVH
041 ## - IDIOMA
Código de idioma para texto/pista de sonido o título separado Español
044 ## - PAÍS DE PUBLICACIÓN
País de publicación Colombia
082 ## - NUMERO DE CLASIFICACION DECIMAL DEWEY
Número de clasificación 333.950285
Número del ítem G56i
100 ## - ASIENTO PRINCIPAL--NOMBRE PERSONAL
9 (RLIN) 102503
Nombre personal Gómez Ahumada, María Fernanda
Término relacionado Compiladora
245 ## - MENCION DE TITULO
Título Informe anual 2012
Parte restante del título SIB Sistema de Información sobre Biodiversidad de Colombia
Mención de responsabilidad María Fernanda Gómez Ahumada y colaboradores
260 ## - PUBLICACION, DISTRIBUCION, ETC. (PIE DE IMPRENTA)
Lugar de publicación, distribución, etc. Bogotá:
Nombre del editor, distribuidor, etc. SIB Colombia,
Fecha de publicación, distribución, etc. 2012.
300 ## - DESCRIPCION FISICA
Extensión 35 páginas,
Otros detalles físicos Fotografías, ilustraciones, gráficos y mapas
Dimensiones 28 x 21.7 cm
505 ## - NOTA DE CONTENIDO
Nota de contenido ANEXO 1. Lista de documentos elaborados o traducidos por el SIB Colombia en el 2012.<br/>ANEXO 2. Recursos adicionales.
650 #0 - ASIENTO SECUNDARIO DE MATERIA - TERMINO TEMATICO
9 (RLIN) 12515
Término temático o nombre geográfico como elemento de entrada Biodiversidad
Subdivisión de forma Bases de datos
Subdivisión general Seguimiento
650 #0 - ASIENTO SECUNDARIO DE MATERIA - TERMINO TEMATICO
9 (RLIN) 21498
Término temático o nombre geográfico como elemento de entrada Bases de datos de colecciones biológicas
650 #0 - ASIENTO SECUNDARIO DE MATERIA - TERMINO TEMATICO
9 (RLIN) 13434
Término temático o nombre geográfico como elemento de entrada Biodiversidad
Subdivisión general Catálogo
650 #0 - ASIENTO SECUNDARIO DE MATERIA - TERMINO TEMATICO
9 (RLIN) 102504
Término temático o nombre geográfico como elemento de entrada Informática
Subdivisión general Biodiversidad
710 ## - ASIENTO SECUNDARIO - NOMBRE CORPORATIVO
9 (RLIN) 34112
Nombre corporativo o de jurisdicción como elemento de entrada Instituto de Investigación de Recursos Biológicos Alexander von Humboldt
710 ## - ASIENTO SECUNDARIO - NOMBRE CORPORATIVO
9 (RLIN) 35174
Nombre corporativo o de jurisdicción como elemento de entrada Ministerio de Ambiente y Desarrollo Sostenible.
710 ## - ASIENTO SECUNDARIO - NOMBRE CORPORATIVO
9 (RLIN) 3449
Nombre corporativo o de jurisdicción como elemento de entrada Instituto de Investigaciones Marinas y Costeras - INVEMAR
710 ## - ASIENTO SECUNDARIO - NOMBRE CORPORATIVO
9 (RLIN) 77657
Nombre corporativo o de jurisdicción como elemento de entrada Instituto de Amazónico de Investigaciones científicas( SINCHI)
710 ## - ASIENTO SECUNDARIO - NOMBRE CORPORATIVO
9 (RLIN) 82917
Nombre corporativo o de jurisdicción como elemento de entrada Instituto de Hidrología, Metereología y Estudios Ambientales, IDEAM
710 ## - ASIENTO SECUNDARIO - NOMBRE CORPORATIVO
9 (RLIN) 101577
Nombre corporativo o de jurisdicción como elemento de entrada Instituto de Investigaciones Ambientales del Pacífico IIAP
710 ## - ASIENTO SECUNDARIO - NOMBRE CORPORATIVO
9 (RLIN) 42579
Nombre corporativo o de jurisdicción como elemento de entrada Universidad Nacional de Colombia
942 ## - ELEMENTOS ADICIONALES (KOHA)
Sistema de clasificación Dewey Decimal Classification
Tipo de ítem Libro
Existencias
Withdrawn status Lost status Sistema de Clasificación Damaged status No para préstamo Colección Ubicación Permanente Ubicación actual Fecha de adquisición Total Checkouts Número topográfico Inventario / Código de Barras Date last seen Ejemplar Price effective from Forma de adquisición Tipo de material
    Dewey Decimal Classification     General Bogotá Bogotá 03/02/2020   IAVH-333.950285 G56i 044064 03/02/2020 Ej. 1 03/02/2020 Donación Libro